000 01347nam1a2200325 4500
001 RU\NLR\BIBL_A\012343353
005 20250807185102.0
035 _a(NLR Aleph) 012343353
090 _a1422
_c1422
100 _a20200923d1945 d y0rusy50 ca
101 1 _aady
102 _aRU
105 _aa z 000 y
181 0 _ai
_baxxe
182 0 _an
200 1 _aАрифметическэ задачэхэмрэ упражнениехэмрэ ясборник
_eшкол ублапIэм пае
_fН. С. Попова
203 _aТекст
_bвизуальный
_cнепосредственный
205 _f22
210 _aМыекъуапэ
_cАдыгэ хэкум инац. изд-в
_d1945
215 _d23
541 1 _aСборник арифметических задач и упражнений
_zrus
606 1 _aАрифметика
_xЗадачи
_jУчебные издания для начальной школы
_2nlr_sh1
_3RU\NLR\AUTH\6664596
689 1 _aВ10 я71
700 1 _aПопова
_bН. С.
_cпедагог-математик
_f1885-1975
_gНаталья Сергеевна
_3RU\NLR\AUTH\770198576
_4070
852 _aNLR
_bОНЛ
_jАдыг./3-345
942 _cBOOK
945 _aРоссийская национальная библиотека
980 _aNB
980 _aBV